Central Library OPAC University of Rajshahi

Europe's future consumption / (Record no. 5006)

MARC details
000 -LEADER
fixed length control field 01216cam a2200349 4500
001 - CONTROL NUMBER
control field 5006
003 - CONTROL NUMBER IDENTIFIER
rucl marc code UkOxU
005 - DATE AND TIME OF LATEST TRANSACTION
control field 20211208234007.0
008 - FIXED-LENGTH DATA ELEMENTS--GENERAL INFORMATION
fixed length control field 131224s1964 ne a b 000 0 eng
035 ## - SYSTEM CONTROL NUMBER
System control number (DLC) 64032553
System control number (OCoLC)768110
System control number 9859598
040 ## - CATALOGING SOURCE
Original cataloging agency DLC
Transcribing agency PPD
Modifying agency DLC
Language of cataloging eng
041 ## - LANGUAGE CODE
Language code of text/sound track or separate title eng
082 ## - DEWEY DECIMAL CLASSIFICATION NUMBER
Edition number 23
Classification number 339.47
Author mark and year EUR 1964
100 1# - MAIN ENTRY--PERSONAL NAME
Personal name Sandee, Jan,
Dates associated with a name 1919-
9 (RLIN) 15747
245 10 - TITLE STATEMENT
Title Europe's future consumption /
Statement of responsibility, etc. contributors : A. Amundsen [et al.] ; edited by J. Sandee.
Number of part/section of a work VOLUME II
260 ## - PUBLICATION, DISTRIBUTION, ETC. (IMPRINT)
Place of publication, distribution, etc. Amsterdam :
Name of publisher, distributor, etc. North-Holland,
Date of publication, distribution, etc. 1964.
300 ## - PHYSICAL DESCRIPTION
Pagination viii, 363 p. :
Illustrations ill. ;
Size 23 cm.
490 1# - SERIES STATEMENT
Series statement Association scientifique européene pour la prévision économique à moyen et à long terme ;
Volume/sequential designation v. 2
500 ## - GENERAL NOTE
General note English or French.
General note French contributions have summaries in English.
504 ## - BIBLIOGRAPHY, ETC. NOTE
Bibliography, etc Includes bibliographical references.
650 #0 - SUBJECT ADDED ENTRY--TOPICAL TERM
Topical term or geographic name as entry element Economic forecasting
General subdivision Mathematical models.
9 (RLIN) 13464
Topical term or geographic name as entry element Consumption (Economics)
Geographic subdivision Europe.
9 (RLIN) 15748
651 #0 - SUBJECT ADDED ENTRY--GEOGRAPHIC NAME
Geographic name Europe
General subdivision Economic conditions
-- Mathematical models.
9 (RLIN) 15749
830 #0 - SERIES ADDED ENTRY--UNIFORM TITLE
Volume number/sequential designation v. 2.
Uniform title ASEPELT (Series) ;
942 ## - ADDED ENTRY ELEMENTS (KOHA)
Source of classification or shelving scheme Dewey Decimal Classification
Koha item type Books
Holdings
Lost status Source of classification or shelving scheme Damaged status Not for loan Collection code Permanent Location Current Location Shelving location Date acquired Source of acquisition Total Checkouts Full call number Date last seen Copy number Koha item type
  Dewey Decimal Classification   Not For Loan Non-fiction Central Library, University of Rajshahi Central Library, University of Rajshahi   02/04/1974 Netherland   339.47 EUR 1964 24/12/2013 C-1 Books